000 00466nam a2200181Ia 4500
008 151202s9999||||xx |||||||||||||| ||und||
082 _bPNVM-50995
100 _aहरकारे अरूण.
245 _aकोंडी.
260 _b---
260 _c50995
300 _a0
600 _aहरकारे अरूण.
630 _aकोंडी.
700 _aहरकारे अरूण.
730 _aकोंडी.
942 _cBOOK
999 _c1317536
_d1317533